British and Irish Cities with Multiple Football Teams - Statistics

General Stats
  • This quiz has been taken 247 times
    194 since last reset
  • The average score is 11 of 14
Answer Stats
Clubs City % Correct
Arsenal, Chelsea, Tottenham, etc.. London
98%
Man United, Man City Manchester
98%
Liverpool, Everton Liverpool
95%
Rangers, Celtic Glasgow
92%
Aston Villa, Birmingham Birmingham
87%
Shamrock Rovers, Bohemian, UCD Dublin
85%
Sheffield Wednesday, Sheffield United Sheffield
84%
Crusaders, Cliftonville, Glentoran, etc.. Belfast
83%
Hibernian, Hearts Edinburgh
81%
Bristol City, Bristol Rovers Bristol
74%
Nottingham Forest, Notts Country Nottingham
68%
Dundee, Dundee United Dundee
60%
Cardiff City, Cardiff Met Cardiff
53%
Stoke, Port Vale Stoke
45%
No matching quizzes found
Score Distribution
Percent of People with Each Score
Percentile by Number Answered
Your Score History
You have not taken this quiz since the last reset